MARC details
| 000 -CABECERA |
| campo de control de longitud fija |
01443nam a22003857a 4500 |
| 003 - IDENTIFICADOR DEL NÚMERO DE CONTROL |
| campo de control |
OSt |
| 005 - FECHA Y HORA DE LA ÚLTIMA TRANSACCIÓN |
| campo de control |
20220922092845.0 |
| 008 - DATOS DE LONGITUD FIJA--INFORMACIÓN GENERAL |
| campo de control de longitud fija |
210225b 2020 dr ac 00| 0 eng d |
| 020 ## - NÚMERO INTERNACIONAL ESTÁNDAR DEL LIBRO |
| Número Internacional Estándar del Libro |
9789945423464 |
| 040 ## - FUENTE DE LA CATALOGACIÓN |
| Centro catalogador/agencia de origen |
DO-SdBNP |
| Lengua de catalogación |
spa |
| Centro/agencia transcriptor |
BNPHU |
| 082 #4 - NÚMERO DE LA CLASIFICACIÓN DECIMAL DEWEY |
| Número de clasificación |
RD860.5 |
| Número de documento/Ítem |
T147L |
| Número de edición |
22 |
| 111 ## - ENTRADA PRINCIPAL--NOMBRE DE CONGRESO/REUNIÓN |
| Nombre de congreso/reunión o jurisdicción como elemento de entrada |
Taller Literario Mariano Lebrón Saviñón |
| Número del congreso/reunión o número de parte o sección |
(2 : |
| Fecha del congreso/reunión |
2020 |
| Sede del congreso/Lugar de la reunión |
Santo Domingo) |
| 9 (RLIN) |
78830 |
| 245 00 - MENCIÓN DE TÍTULO |
| Título |
Los pactos secretos : |
| Resto del título |
antología II del Taller Literario Mariano Lebrón Saviñón / |
| Mención de responsabilidad, etc. |
Ana Zaudit Muñoz ... [et al.] ; prólogo Nan Chevalier ; presentación Franklyn Holguín Haché. |
| 260 ## - PUBLICACIÓN, DISTRIBUCIÓN, ETC. |
| Lugar de publicación, distribución, etc. |
Santo Domingo : |
| Nombre del editor, distribuidor, etc. |
Universidad APEC, |
| Fecha de publicación, distribución, etc. |
2020 |
| 300 ## - DESCRIPCIÓN FÍSICA |
| Extensión |
148 p. : |
| Otras características físicas |
il., retrs. ; |
| Dimensiones |
23 cm. |
| 590 ## - NOTA LOCAL (RLIN) |
| Nota local |
Inventariado, 2020/MFF |
| 650 ## - PUNTO DE ACCESO ADICIONAL DE MATERIA--TÉRMINO DE MATERIA |
| Término de materia o nombre geográfico como elemento de entrada |
Literatura dominicana |
| 9 (RLIN) |
78831 |
| 650 #4 - PUNTO DE ACCESO ADICIONAL DE MATERIA--TÉRMINO DE MATERIA |
| Término de materia o nombre geográfico como elemento de entrada |
Talleres literarios |
| 9 (RLIN) |
78832 |
| 700 1# - PUNTO DE ACCESO ADICIONAL--NOMBRE DE PERSONA |
| Nombre de persona |
Chevalier, Nan, |
| Fechas asociadas al nombre |
1965- |
| Término indicativo de función/relación |
prólogo |
| 9 (RLIN) |
350 |
| 700 1# - PUNTO DE ACCESO ADICIONAL--NOMBRE DE PERSONA |
| Nombre de persona |
Holguín Haché, Franklyn, |
| Término indicativo de función/relación |
presentación |
| 9 (RLIN) |
77928 |
| 700 1# - PUNTO DE ACCESO ADICIONAL--NOMBRE DE PERSONA |
| Nombre de persona |
Muñoz, Ana Zaudit |
| 9 (RLIN) |
77929 |
| 700 1# - PUNTO DE ACCESO ADICIONAL--NOMBRE DE PERSONA |
| Nombre de persona |
Martínez, Ángelo |
| 9 (RLIN) |
78340 |
| 700 1# - PUNTO DE ACCESO ADICIONAL--NOMBRE DE PERSONA |
| Nombre de persona |
Muñoz, Carlos |
| 9 (RLIN) |
78341 |
| 700 1# - PUNTO DE ACCESO ADICIONAL--NOMBRE DE PERSONA |
| Nombre de persona |
Richard, Denisse |
| 9 (RLIN) |
78342 |
| 700 1# - PUNTO DE ACCESO ADICIONAL--NOMBRE DE PERSONA |
| Nombre de persona |
Luis, Fabio |
| 9 (RLIN) |
78343 |
| 700 1# - PUNTO DE ACCESO ADICIONAL--NOMBRE DE PERSONA |
| Nombre de persona |
Sang, Julio |
| 9 (RLIN) |
78344 |
| 700 1# - PUNTO DE ACCESO ADICIONAL--NOMBRE DE PERSONA |
| Nombre de persona |
Paulino S., Laura |
| 9 (RLIN) |
78345 |
| 700 1# - PUNTO DE ACCESO ADICIONAL--NOMBRE DE PERSONA |
| Nombre de persona |
Paulino-Sant, Melissa |
| 9 (RLIN) |
78346 |
| 700 1# - PUNTO DE ACCESO ADICIONAL--NOMBRE DE PERSONA |
| Nombre de persona |
Andújar, Meredith |
| 9 (RLIN) |
78347 |
| 700 1# - PUNTO DE ACCESO ADICIONAL--NOMBRE DE PERSONA |
| Nombre de persona |
Tatis, Migsael |
| 9 (RLIN) |
78348 |
| 700 1# - PUNTO DE ACCESO ADICIONAL--NOMBRE DE PERSONA |
| Nombre de persona |
Minyety, Rosandi |
| 9 (RLIN) |
78349 |
| 700 1# - PUNTO DE ACCESO ADICIONAL--NOMBRE DE PERSONA |
| Nombre de persona |
Sinny |
| 9 (RLIN) |
78350 |
| 700 1# - PUNTO DE ACCESO ADICIONAL--NOMBRE DE PERSONA |
| Nombre de persona |
Dios M., Yeimy de |
| 9 (RLIN) |
78351 |
| 942 ## - ELEMENTOS DE PUNTO DE ACCESO ADICIONAL (KOHA) |
| Fuente del sistema de clasificación o colocación |
Dewey Decimal Classification |
| Tipo de ítem Koha |
Libro |